Online
Catalog

El descubrimiento de los animales : (Record no. 22883)

MARC details
000 -CABECERA
campo de control de longitud fija 01216nam a2200325 a 4500
001 - NÚMERO DE CONTROL
campo de control 000023386
005 - FECHA Y HORA DE LA ÚLTIMA TRANSACCIÓN
campo de control 20250304113420.0
008 - DATOS DE LONGITUD FIJA--INFORMACIÓN GENERAL
campo de control de longitud fija 101206s1982 sp a 001 0 spa d
020 ## - NÚMERO INTERNACIONAL ESTÁNDAR DEL LIBRO
Número Internacional Estándar del Libro 8432047252
020 ## - NÚMERO INTERNACIONAL ESTÁNDAR DEL LIBRO
Número Internacional Estándar del Libro 388472004x
040 ## - FUENTE DE LA CATALOGACIÓN
Centro catalogador/agencia de origen DO-SdBNP
Lengua de catalogación spa
Centro/agencia transcriptor BNPHU
041 17 - CÓDIGO DE LENGUA
Código de lengua del texto/banda sonora o título independiente spa
Código de lengua original ger
Fuente del código Código de idiomas MARC
082 ## - NÚMERO DE LA CLASIFICACIÓN DECIMAL DEWEY
Número de clasificación 590.9
Número de documento/Ítem W473d
049 ## - FONDOS LOCALES (OCLC)
Fondos de biblioteca BNGR
100 1# - ENTRADA PRINCIPAL--NOMBRE DE PERSONA
Nombre de persona Wendt, Herbert.
9 (RLIN) 48170
240 10 - TÍTULO UNIFORME
Título uniforme Die entdeckung der tiere.
Lenguaje de la obra Español
245 13 - MENCIÓN DE TÍTULO
Título El descubrimiento de los animales :
Resto del título de la leyenda del unicornio hasta la etología /
Mención de responsabilidad, etc. Herbert Wendt ; prefacio Bernhard Grzimek ; introducción Armin Geus ; traducción Alfonsina Janés Nadal.
260 ## - PUBLICACIÓN, DISTRIBUCIÓN, ETC.
Lugar de publicación, distribución, etc. Barcelona :
Nombre del editor, distribuidor, etc. Planeta,
Fecha de publicación, distribución, etc. 1982.
300 ## - DESCRIPCIÓN FÍSICA
Extensión [323] p. :
Otras características físicas il. ;
Dimensiones 23 cm.
490 1# - MENCIÓN DE SERIE
Mención de serie Al filo del tiempo
500 ## - NOTA GENERAL
Nota general Incluye índice de ilustraciones y analítico.
504 ## - NOTA DE BIBLIOGRAFÍA, ETC.
Nota de bibliografía, etc. Bibliografía : 303-307 p.
534 ## - NOTA SOBRE LA VERSIÓN ORIGINAL
Encabezamiento principal del original Título original :
Mención de título del original Die entdeckung der tiere
650 #0 - PUNTO DE ACCESO ADICIONAL DE MATERIA--TÉRMINO DE MATERIA
Término de materia o nombre geográfico como elemento de entrada Zoología
9 (RLIN) 48171
700 1# - PUNTO DE ACCESO ADICIONAL--NOMBRE DE PERSONA
Nombre de persona Janés Nadal, Alfonsina,
Término indicativo de función/relación tr.
9 (RLIN) 48172
700 1# - PUNTO DE ACCESO ADICIONAL--NOMBRE DE PERSONA
Nombre de persona Grzimek, Bernhard,
Término indicativo de función/relación pról.
9 (RLIN) 48173
700 1# - PUNTO DE ACCESO ADICIONAL--NOMBRE DE PERSONA
Nombre de persona Geus, Armin,
Término indicativo de función/relación introd.
9 (RLIN) 48174
700 1# - PUNTO DE ACCESO ADICIONAL--NOMBRE DE PERSONA
Nombre de persona Janés Nadal, Alfonsina,
Término indicativo de función/relación tr.
9 (RLIN) 48172
830 #0 - PUNTO DE ACCESO ADICIONAL DE SERIE-TÍTULO UNIFORME
Título uniforme Al filo del tiempo
9 (RLIN) 48175
Holdings
Estado de retiro Estado de pérdida Restricciones de uso No para préstamo Código de colección Localización permanente Ubicación/localización actual Ubicación en estantería Fecha de adquisición Número de inventario Total de préstamos Signatura topográfica completa Código de barras Fecha visto por última vez Precio válido a partir de Tipo de ítem Koha
        Monografías: Libros y Folletos General General En catalogación 06.12.2010 LF1   590.9 W473d 23386-10 25.06.2020 25.06.2020 Préstamo en sala

Powered by Koha